000 00803nam a2200229 a 4500
001 47557
003 BD-RjUL
005 20211209054336.0
008 160809b1970 ii ||||| |||| 00| 0 ben d
035 _a(BD-RjUL)47676
040 _aBD-RjUL
_bben
_cBD-RjUL
041 _aben
082 _223
_a332.4
_bGHO 1970
100 1 0 _aঘোষ, সচ্চিদানন্দ
_9144557
245 _aঅর্থবিদ্যার পরিচয় /
_cসচ্চিদানন্দ ঘোষ
260 _aকলকাতা :
_bম্যাকমিলান এন্ড কো.,
_c১৯৭০
300 _a খন্ড ;
_c২১ সেমি.
505 0 _aখন্ড ২ --
650 _aঅর্থবিদ্যা
_9161625
650 _aFinancial Economics
_9135248
942 _2ddc
_cBK
999 _c47557
_d47557